Ulice a námestia Bratislavy: Mesto Františka Jozefa /

Gespeichert in:
Bibliographische Detailangaben
1. Verfasser: Ortvay, Tivadar (Verfasst von)
Format: Buch
Sprache:Slowakisch
Veröffentlicht: Bratislava: Marenčin PT, 2018
Ausgabe:2. vyd.
Schlagworte:
Tags: Tag hinzufügen
Keine Tags, Fügen Sie das erste Tag hinzu!

MARC

LEADER 00000nam a22000003a 4500
001 0115085
003 SK-STU
005 20250423142206.8
007 ta
008 250423s ----xo-----e------000-0-----d
020 |a 978-80-569-0269-1 
040 |a STU  |b slo 
041 0 |a slo  |h slo 
044 |a xo 
100 1 |a Ortvay, Tivadar  |4 aut 
245 1 0 |a Ulice a námestia Bratislavy:  |b Mesto Františka Jozefa /  |c aut. Tivadar Ortvay 
250 |a 2. vyd. 
260 |a Bratislava:  |b Marenčin PT,  |c 2018 
650 0 7 |a Bratislava 
996 |b 284V038239  |c V* 53691/O-24788  |l VVT  |s P  |a 0  |w 0115085_0001